Kanye West Songs - Statistics

General Stats
  • This quiz has been taken 71 times
    57 since last reset
  • The average score is 90 of 206
Answer Stats
Hint Answer % Correct
Graduation I Wonder
95%
808s & Heartbreak Heartless
90%
The College Dropout All Falls Down
85%
VULTURES 1 CARNIVAL
85%
Graduation Flashing Lights
85%
ye Ghost Town
85%
The Life of Pablo Father Stretch My Hands Pt. 1
80%
Jesus Is King God Is
80%
Graduation Homecoming
80%
My Beautiful Dark Twisted Fantasy Power
80%
Yeezus Bound 2
75%
VULTURES 1 BURN
75%
My Beautiful Dark Twisted Fantasy Devil in a New Dress
75%
Donda Donda
75%
Late Registration Gold Digger
75%
The Life of Pablo No More Parties in LA
75%
The Life of Pablo Pt. 2
75%
808s & Heartbreak RoboCop
75%
My Beautiful Dark Twisted Fantasy Runaway
75%
Graduation Stronger
75%
My Beautiful Dark Twisted Fantasy All of the Lights
70%
Graduation Drunk and Hot Girls
70%
Graduation Good Morning
70%
Watch the Throne No Church in the Wild
70%
Yeezus On Sight
70%
The College Dropout Spaceship
70%
808s & Heartbreak Street Lights
70%
The College Dropout Through the Wire
70%
ye Violent Crimes
70%
Yeezus Black Skinhead
65%
My Beautiful Dark Twisted Fantasy Blame Game
65%
Graduation Champion
65%
808s & Heartbreak Coldest Winter
65%
My Beautiful Dark Twisted Fantasy Dark Fantasy
65%
Yeezus New Slaves
65%
Watch the Throne Niggas in Paris
65%
Late Registration Roses
65%
808s & Heartbreak Say You Will
65%
VULTURES 1 STARS
65%
Late Registration Touch the Sky
65%
The Life of Pablo Ultralight Beam
65%
The Life of Pablo Waves
65%
ye All Mine
60%
Graduation Barry Bonds
60%
VULTURES 2 BOMB
60%
Late Registration Diamonds from Sierra Leone
60%
The College Dropout Family Business
60%
Late Registration Hey Mama
60%
Yeezus Hold My Liquor
60%
The College Dropout Intro (Skit)
60%
ye I Thought About Killing You
60%
The College Dropout Jesus Walks
60%
My Beautiful Dark Twisted Fantasy Monster
60%
ye No Mistakes
60%
The Life of Pablo Saint Pablo
60%
The College Dropout Slow Jamz
60%
My Beautiful Dark Twisted Fantasy So Appalled
60%
The College Dropout Two Words
60%
Late Registration We Major
60%
The Life of Pablo Wolves
60%
My Beautiful Dark Twisted Fantasy All of the Lights (Interlude)
55%
Yeezus Blood on the Leaves
55%
Graduation Good Life
55%
My Beautiful Dark Twisted Fantasy Gorgeous
55%
Donda Hurricane
55%
Donda Jail
55%
KIDS SEE GHOSTS Kids See Ghosts
55%
VULTURES 1 KING
55%
808s & Heartbreak Love Lockdown
55%
Donda Moon
55%
808s & Heartbreak Paranoid
55%
KIDS SEE GHOSTS Reborn
55%
Jesus Is King Water
55%
808s & Heartbreak Welcome to Heartbreak
55%
808s & Heartbreak Amazing
50%
Graduation Can't Tell Me Nothing
50%
Jesus Is King Closed on Sunday
50%
KIDS SEE GHOSTS Freeee
50%
My Beautiful Dark Twisted Fantasy Hell of a Life
50%
VULTURES 1 HOODRAT
50%
Donda Jail pt 2
50%
My Beautiful Dark Twisted Fantasy Lost in the World
50%
Donda Off the Grid
50%
Watch the Throne Otis
50%
808s & Heartbreak Pinocchio Story
50%
The College Dropout The Last Call
50%
The College Dropout We Don't Care
50%
ye Yikes
50%
KIDS SEE GHOSTS 4th Dimension
45%
Graduation Big Brother
45%
KIDS SEE GHOSTS Cudi Montage
45%
Late Registration Diamonds from Sierra Leone (Remix)
45%
Graduation Everything I Am
45%
The Life of Pablo Famous
45%
Jesus Is King Follow God
45%
Late Registration Heard 'Em Say
45%
VULTURES 1 PAPERWORK
45%
Jesus Is King Selah
45%
VULTURES 1 TALKING
45%
The College Dropout The New Workout Plan
45%
VULTURES 1 VULTURES
45%
Late Registration Wake Up Mr. West
45%
My Beautiful Dark Twisted Fantasy Who Will Survive in America
45%
The College Dropout Workout Plan (Skit)
45%
The Life of Pablo 30 Hours
40%
VULTURES 1 BACK TO ME
40%
The College Dropout Breathe In Breathe Out
40%
Donda Donda Chant
40%
KIDS SEE GHOSTS Feel the Love
40%
KIDS SEE GHOSTS Fire
40%
VULTURES 1 FUK SUMN
40%
Yeezus I Am a God
40%
The Life of Pablo I Love Kanye
40%
Late Registration Late
40%
Jesus Is King On God
40%
VULTURES 1 PROBLEMATIC
40%
VULTURES 2 RIVER
40%
The College Dropout School Spirit
40%
Jesus Is King Use This Gospel
40%
808s & Heartbreak Bad News
35%
Jesus Is King Everything We Need
35%
VULTURES 2 FIELD TRIP
35%
VULTURES 1 GOOD (DON'T DIE)
35%
Yeezus Guilt Trip
35%
VULTURES 1 KEYS TO MY LIFE
35%
The College Dropout Never Let Me Down
35%
VULTURES 1 PAID
35%
Donda Praise God
35%
VULTURES 2 PROMOTION
35%
The College Dropout School Spirit (Skit 2)
35%
808s & Heartbreak See You In My Nightmares
35%
The Life of Pablo Siiiiiiiiilver Surffffeeeeer Intermission
35%
VULTURES 2 SKY CITY
35%
ye Wouldn't Leave
35%
Donda 24
30%
VULTURES 1 BEG FORGIVENESS
30%
Late Registration Celebration
30%
Donda Come to Life
30%
Late Registration Crack Music
30%
Jesus Is King Every Hour
30%
The Life of Pablo Facts (Charlie Heat Version)
30%
The Life of Pablo Fade
30%
The Life of Pablo FML
30%
The College Dropout Get Em High
30%
Late Registration Gone
30%
The College Dropout Graduation Day
30%
Jesus Is King Hands On
30%
The Life of Pablo Highlights
30%
VULTURES 2 HUSBAND
30%
The College Dropout I'll Fly Away
30%
Yeezus I'm in It
30%
The College Dropout Lil Jimmy (Skit)
30%
The Life of Pablo Low Lights
30%
Donda No Child Left Behind
30%
The Life of Pablo Real Friends
30%
The College Dropout School Spirit (Skit 1)
30%
Yeezus Send It Up
30%
Watch the Throne That's My Bitch
30%
Graduation The Glory
30%
VULTURES 2 530
25%
VULTURES 1 DO IT
25%
Late Registration Drive Slow
25%
The Life of Pablo Frank's Track
25%
VULTURES 2 FRIED
25%
Donda Heaven and Hell
25%
VULTURES 2 ISABELLA
25%
Jesus Is King Jesus Is Lord
25%
Donda Junya
25%
Donda Junya pt 2
25%
Donda Ok Ok
25%
Donda Ok Ok pt 2
25%
Donda Remote Control
25%
Donda Tell the Vision
25%
Watch the Throne Welcome to the Jungle
25%
Late Registration Addiction
20%
VULTURES 2 DEAD
20%
The Life of Pablo Feedback
20%
VULTURES 2 FOREVER
20%
The Life of Pablo Freestyle 4
20%
Donda Jesus Lord
20%
VULTURES 2 LIFESTYLE
20%
VULTURES 2 SLIDE
20%
Watch the Throne Why I Love You
20%
Late Registration Bring Me Down
15%
VULTURES 2 FOREVER ROLLING
15%
Donda God Breathed
15%
Donda Jesus Lord pt 2
15%
Donda Jonah
15%
Donda Keep My Spirit Alive
15%
Watch the Throne Lift Off
15%
Watch the Throne Murder to Excellence
15%
Late Registration My Way Home
15%
Watch the Throne New Day
15%
Donda Believe What I Say
10%
Watch the Throne Gotta Have It
10%
Donda Lord I Need You
10%
Watch the Throne Made in America
10%
VULTURES 2 TIME MOVING SLOW
10%
Watch the Throne Who Gon Stop Me
10%
VULTURES 2 MY SOUL
5%
Donda New Again
5%
Donda Pure Souls
5%
Late Registration Skit No. 1
5%
Late Registration Skit No. 2
5%
Late Registration Skit No. 3
5%
Late Registration Skit No. 4
5%
No matching quizzes found
Score Distribution
Percent of People with Each Score
Percentile by Number Answered
Your Score History
You have not taken this quiz since the last reset